guess the taylor swift song with no hints #3 - Statistics

General Stats
  • This quiz has been taken 43 times
  • The average score is 304 of 374
Answer Stats
Answer % Correct
I
100%
the
100%
The
100%
a
97%
an
97%
And
97%
and
97%
it
97%
you
97%
if
94%
is
94%
it's
94%
my
94%
of
94%
on
94%
we
94%
your
94%
He
91%
he
91%
Our
91%
our
91%
When
91%
when
91%
her
88%
his
88%
In
88%
know
88%
out
88%
said
88%
song"
88%
song
88%
that
88%
That
88%
to
88%
we're
88%
as
84%
'Cause
84%
don't
84%
for
84%
have
84%
have"
84%
How
84%
just
84%
one
84%
say,
84%
was
84%
way
84%
could
81%
him
81%
all
78%
car
78%
didn't
78%
first
78%
phone
78%
real
78%
should
78%
slow
78%
window
78%
with
78%
got
75%
hair
75%
heart
75%
home,
75%
home
75%
I've
75%
late
75%
late,
75%
look
75%
mama
75%
other
75%
says,
75%
says
75%
somethin'
75%
talk
75%
thinkin'
75%
wrong?"
75%
wrong
75%
again
72%
Da
72%
da
72%
door
72%
down
72%
front
72%
He's
72%
laugh
72%
oh
72%
play
72%
Play
72%
seat
72%
undone
72%
"Baby
69%
come
69%
day
69%
feel
69%
God
69%
good
69%
Had
69%
hand
69%
kiss
69%
"Man
69%
radio
69%
ridin'
69%
screen
69%
Sneakin'
69%
something
69%
tapping
69%
"Amen"
66%
Askin'
66%
every
66%
gone
66%
"Nothin'
66%
shotgun
66%
slamming
66%
steering
66%
turn
66%
up
66%
wheel
66%
around
63%
away
63%
bed
63%
date,
63%
date
63%
old
63%
talks
63%
well
63%
after
59%
almost
59%
along
59%
everything
59%
napkin
59%
notice
59%
pen
59%
porch
59%
wrote
59%
been
56%
grabbed
56%
heard
56%
laughs
56%
lovin'
56%
note
56%
roses
56%
yeah
56%
'fore
53%
lost
53%
walking
53%
hallway,
50%
trampled
50%
album,
47%
listened
47%
thrown
47%
steps
41%
Waited
28%
oh-oh
6%
No matching quizzes found
Score Distribution
Percent of People with Each Score
Percentile by Number Answered
Your Score History
You have not taken this quiz